00301nam a2200121Ia 4500008004100000100001200041245003100053260004000084300000900124650002400133942000700157999001500164190216s9999||||xx |||||||||||||| ||und|| aLiptrot 0aModern Inorganic Chemistry bEnglish Language Book Societyc1983 a472p aChemistry-Chemistry cBK c2594d2594